[Event "Spijkenisse op"]
[Site "Spijkenisse"]
[Date "2010.05.16"]
[Round "5"]
[White "Meijer, Wilmar"]
[Black "Von Meijenfeldt, Bart"]
[Result "0-1"]
[WhiteElo "1940"]
[BlackElo "2191"]
[PlyCount "72"]
[EventDate "2010.05.14"]
[EventType "swiss"]
[EventRounds "6"]
[EventCountry "NED"]
[SourceTitle "CBM 136 Extra"]
[Source "ChessBase"]
[SourceDate "2010.07.02"]
[SourceVersion "2"]
[SourceVersionDate "2010.07.15"]
[SourceQuality "1"]

1. e4 c5 2. Nf3 d6 3. d4 cxd4 4. Nxd4 Nf6 5. f3 a6 6. c4 g6 7. Nc3 Bg7 8. Be3 0-0 9. Qd2 Nc6 10. Be2 Bd7 11. 0-0 Rb8 12. Rfd1 Qa5 13. Nxc6 bxc6 14. Rac1 Qb4 15. b3 c5 16. Bf1 a5 17. Nb5 Qxd2 18. Rxd2 a4 19. Rcd1 Ne8 20. bxa4 Ra8 21. f4 Rxa4 22. e5 Bg4 23. Rc1 dxe5 24. Bxc5 Nd6 25. Nc3 Ra6 26. Bxd6 Rxd6 27. Rxd6 exd6 28. h3 Be6 29. fxe5 Bxe5 30. Nd5 Ra8 31. Rc2 Rb8 32. Ne7+ Kg7 33. Nc6 Bf5 34. Rd2 Rb2 35. Rxb2 Bxb2 36. Kf2 Ba3 0-1

[Event "Spijkenisse op"]
[Site "Spijkenisse"]
[Date "2010.05.15"]
[Round "3"]
[White "Deceuninck, Ivan"]
[Black "Meijer, Wilmar"]
[Result "0-1"]
[WhiteElo "1780"]
[BlackElo "1940"]
[PlyCount "80"]
[EventDate "2010.05.14"]
[EventType "swiss"]
[EventRounds "6"]
[EventCountry "NED"]
[SourceTitle "CBM 136 Extra"]
[Source "ChessBase"]
[SourceDate "2010.07.02"]
[SourceVersion "2"]
[SourceVersionDate "2010.07.15"]
[SourceQuality "1"]

1. e4 e6 2. d4 d5 3. Nd2 Nf6 4. e5 Nfd7 5. Bd3 c5 6. c3 Nc6 7. Ndf3 Qb6 8. Ne2 a5 9. 0-0 Be7 10. Re1 h6 11. a4 Ndb8 12. Be3 Bd7 13. dxc5 Bxc5 14. Bxc5 Qxc5 15. Ned4 Nxd4 16. Nxd4 Qb6 17. h3 Bc6 18. Qg4 g5 19. Nxe6 Bd7 20. Ng7+ Kf8 21. e6 Kxg7 22. exd7 Nc6 23. h4 Qd8 24. f4 f6 25. Qf5 Ne7 26. Qe6 Ng6 27. Bxg6 Kxg6 28. f5+ Kh5 29. hxg5 hxg5 30. Rad1 Qc7 31. Rd4 Raf8 32. g4+ Kh6 33. Kg2 Kg7 34. Rh1 Rxh1 35. Kxh1 Rh8+ 36. Kg2 Qh2+ 37. Kf1 Qh1+ 38. Ke2 Rh2+ 39. Kd3 Qd1+ 40. Ke3 Qe2# 0-1

[Event "Spijkenisse op"]
[Site "Spijkenisse"]
[Date "2010.05.15"]
[Round "2"]
[White "Meijer, Wilmar"]
[Black "Verstraate, Bjorn"]
[Result "1/2-1/2"]
[WhiteElo "1940"]
[BlackElo "1976"]
[PlyCount "101"]
[EventDate "2010.05.14"]
[EventType "swiss"]
[EventRounds "6"]
[EventCountry "NED"]
[SourceTitle "CBM 136 Extra"]
[Source "ChessBase"]
[SourceDate "2010.07.02"]
[SourceVersion "2"]
[SourceVersionDate "2010.07.15"]
[SourceQuality "1"]

1. e4 d5 2. exd5 Qxd5 3. Nc3 Qa5 4. d4 Nf6 5. Bc4 Bf5 6. Nf3 Nbd7 7. Bd2 c6 8. Qe2 e6 9. 0-0-0 Bb4 10. a3 Bxc3 11. Bxc3 Qc7 12. Ne5 Nxe5 13. dxe5 Nd5 14. Bd2 h5 15. h3 h4 16. Bg5 Qa5 17. Bd3 Bxd3 18. Rxd3 Qa4 19. Rhd1 c5 20. f4 g6 21. Qf3 c4 22. Rd4 Rc8 23. Qg4 Qc6 24. c3 b5 25. Bxh4 a5 26. Rxd5 exd5 27. Bf6 Rh5 28. Rxd5 Rf5 29. Qf3 Rxf6 30. exf6 Qxf6 31. Rxb5 Rd8 32. Qe4+ Kf8 33. g3 Qd6 34. Qd4 Qxd4 35. cxd4 Rxd4 36. Rc5 Ke7 37. Re5+ Kd6 38. Rxa5 Rd3 39. Ra7 Rxg3 40. Rxf7 Rxh3 41. Rf6+ Kc5 42. Rxg6 Rh2 43. f5 Rf2 44. f6 Kd4 45. Kb1 Rf3 46. a4 Kc5 47. a5 Kb5 48. a6 Kxa6 49. Rg7 Kb5 50. Ka2 Rf2 51. Kb1 1/2-1/2

[Event "Spijkenisse op"]
[Site "Spijkenisse"]
[Date "2010.05.14"]
[Round "1"]
[White "Zhang, Tony"]
[Black "Meijer, Wilmar"]
[Result "1-0"]
[WhiteElo "2228"]
[BlackElo "1940"]
[PlyCount "111"]
[EventDate "2010.05.14"]
[EventType "swiss"]
[EventRounds "6"]
[EventCountry "NED"]
[SourceTitle "CBM 136 Extra"]
[Source "ChessBase"]
[SourceDate "2010.07.02"]
[SourceVersion "2"]
[SourceVersionDate "2010.07.15"]
[SourceQuality "1"]

1. e4 e6 2. d4 d5 3. e5 c5 4. c3 Nc6 5. Nf3 Qb6 6. a3 c4 7. Nbd2 Na5 8. Be2 Bd7 9. 0-0 h6 10. Rb1 Qc6 11. b4 cxb3 12. Nxb3 Nxb3 13. Qxb3 b6 14. c4 dxc4 15. Bxc4 Rc8 16. Ba6 Rc7 17. Bb2 Qa4 18. Qxa4 Bxa4 19. Rbc1 Kd8 20. Rxc7 Kxc7 21. Rc1+ Kd7 22. Rc8 Ne7 23. Ra8 Nc6 24. d5 exd5 25. e6+ Kxe6 26. Bb7 Kd6 27. Bxc6 Bxc6 28. Rxa7 Bd7 29. Bc3 Bg4 30. Nd4 b5 31. Rxf7 Kc5 32. h3 Bh5 33. Rc7+ Kb6 34. Rc8 Bf7 35. Bb4 Bxb4 36. Rxh8 Bc5 37. Nc2 d4 38. Kf1 Bc4+ 39. Ke1 d3 40. Nb4 d2+ 41. Kxd2 Bxf2 42. Nc2 Bg3 43. Rf8 Bd6 44. Rf2 Ka5 45. g4 Ka4 46. Rf5 Be7 47. Ne3 Bb3 48. Nd5 Bg5+ 49. Kc3 Bxd5 50. Rxd5 Bf6+ 51. Kc2 b4 52. axb4 Kxb4 53. Kd3 Bb2 54. Ke4 Kc4 55. Rd2 Bf6 56. Kf5 1-0

[Event "CFriend SI-2004-0-00021 email"]
[Site "Chessfriend.com"]
[Date "2004.06.23"]
[Round "1"]
[White "Ellis, Kevin"]
[Black "Meijer, Wilmar"]
[Result "1-0"]
[WhiteElo "1690"]
[BlackElo "1697"]
[PlyCount "25"]
[EventDate "2004.??.??"]
[EventType "tourn (corr)"]
[EventRounds "7"]
[SourceTitle "Corr 2024"]
[Source "ChessBase"]
[SourceDate "2023.10.19"]
[SourceVersion "1"]
[SourceVersionDate "2023.10.19"]
[SourceQuality "1"]

1. e4 e6 2. d4 d5 3. Nc3 Bb4 4. e5 c5 5. a3 Bxc3+ 6. bxc3 Ne7 7. Qg4 0-0 8. Bd3 Nbc6 9. Qh5 Ng6 10. Nf3 Qc7 11. h4 cxd4 12. Kd1 dxc3 13. Rh3 1-0

[Event "CFriend AP-2004-Q-00013 email"]
[Site "Chessfriend.com"]
[Date "2004.06.17"]
[Round "?"]
[White "Imhof, Raul"]
[Black "Meijer, Wilmar"]
[Result "1-0"]
[WhiteElo "1850"]
[BlackElo "1784"]
[PlyCount "25"]
[EventDate "2004.??.??"]
[EventType "tourn (corr)"]
[EventRounds "12"]
[SourceTitle "Corr 2008"]
[Source "ChessBase"]
[SourceDate "2008.06.24"]
[SourceVersion "1"]
[SourceVersionDate "2008.06.24"]
[SourceQuality "1"]

1. d4 Nf6 2. c4 g6 3. Nf3 Bg7 4. Nc3 d5 5. Bg5 c5 6. Bxf6 Bxf6 7. cxd5 cxd4 8. Nxd4 Qb6 9. Nb3 a5 10. e3 0-0 11. Qc2 a4 12. Nd2 a3 13. b3 1-0

[Event "CFriend AP-2004-Q-00013 email"]
[Site "Chessfriend.com"]
[Date "2004.06.17"]
[Round "?"]
[White "Meijer, Wilmar"]
[Black "Hauschild, Achim"]
[Result "0-1"]
[WhiteElo "1784"]
[BlackElo "1703"]
[PlyCount "32"]
[EventDate "2004.??.??"]
[EventType "tourn (corr)"]
[EventRounds "12"]
[SourceTitle "Corr 2008"]
[Source "ChessBase"]
[SourceDate "2008.06.24"]
[SourceVersion "1"]
[SourceVersionDate "2008.06.24"]
[SourceQuality "1"]

1. e4 e5 2. Nf3 Nc6 3. Bc4 Bc5 4. b4 Bxb4 5. c3 Ba5 6. d4 d6 7. Qb3 Qd7 8. dxe5 Bb6 9. Nbd2 dxe5 10. Ba3 Nh6 11. Rd1 Na5 12. Qb4 c5 13. Qb5 Nxc4 14. Qxd7+ Bxd7 15. Nxc4 f6 16. Nd6+ Ke7 0-1

[Event "CFriend AP-2004-Q-00013 email"]
[Site "Chessfriend.com"]
[Date "2004.06.17"]
[Round "?"]
[White "Meijer, Wilmar"]
[Black "Sowislok, Joanna"]
[Result "0-1"]
[WhiteElo "1784"]
[BlackElo "1800"]
[PlyCount "30"]
[EventDate "2004.??.??"]
[EventType "tourn (corr)"]
[EventRounds "12"]
[SourceTitle "Corr 2008"]
[Source "ChessBase"]
[SourceDate "2008.06.24"]
[SourceVersion "1"]
[SourceVersionDate "2008.06.24"]
[SourceQuality "1"]

1. e4 c5 2. Nf3 e6 3. d4 cxd4 4. Nxd4 Nf6 5. Nc3 d6 6. Be3 a6 7. f3 b5 8. g4 h6 9. Qd2 Nbd7 10. 0-0-0 Bb7 11. h4 b4 12. Na4 Qa5 13. b3 Rc8 14. Rg1 Nc5 15. g5 Nfd7 0-1

[Event "CFriend SI-2004-0-00020 email"]
[Site "Chessfriend.com"]
[Date "2004.05.24"]
[Round "1"]
[White "Kovacevic, Antonijo"]
[Black "Meijer, Wilmar"]
[Result "1-0"]
[WhiteElo "2288"]
[BlackElo "1697"]
[PlyCount "25"]
[EventDate "2004.??.??"]
[EventType "tourn (corr)"]
[EventRounds "7"]
[SourceTitle "Corr 2024"]
[Source "ChessBase"]
[SourceDate "2023.10.19"]
[SourceVersion "1"]
[SourceVersionDate "2023.10.19"]
[SourceQuality "1"]

1. f4 e5 2. e4 exf4 3. Nf3 g5 4. h4 g4 5. Ne5 d6 6. Nxg4 Nf6 7. Nxf6+ Qxf6 8. Nc3 Nc6 9. Bb5 Kd8 10. Bxc6 bxc6 11. Qf3 Rg8 12. d3 Bh6 13. Qf2 1-0

[Event "CFriend RH-2004-0-00011 email"]
[Site "Chessfriend.com"]
[Date "2004.01.10"]
[Round "?"]
[White "Gertners, Gunars"]
[Black "Meijer, Wilmar"]
[Result "1/2-1/2"]
[WhiteElo "2111"]
[BlackElo "1801"]
[PlyCount "53"]
[EventDate "2004.01.10"]
[EventType "tourn (corr)"]
[EventRounds "6"]
[SourceTitle "Corr 2008"]
[Source "ChessBase"]
[SourceDate "2008.06.24"]
[SourceVersion "1"]
[SourceVersionDate "2008.06.24"]
[SourceQuality "1"]

1. c4 c5 2. Nc3 Nc6 3. g3 g6 4. Bg2 Bg7 5. Nf3 Nf6 6. d4 cxd4 7. Nxd4 Qa5 8. 0-0 Qc5 9. Ndb5 0-0 10. Qa4 a6 11. Nc7 Rb8 12. N7d5 b5 13. Nxf6+ Bxf6 14. cxb5 axb5 15. Qd1 Bxc3 16. bxc3 Rd8 17. Qb3 d5 18. Bf4 e5 19. Bg5 Rd6 20. Be3 d4 21. cxd4 Nxd4 22. Bxd4 exd4 23. Rfc1 Qa7 24. Qb4 Rd8 25. Bc6 Bh3 26. a3 Rdc8 27. Bd5 1/2-1/2

[Event "IECG CP.2003.P.00057 email"]
[Site "IECG email"]
[Date "2003.10.01"]
[Round "?"]
[White "Meijer, Wilmar"]
[Black "Boychuk, Taras"]
[Result "0-1"]
[WhiteElo "1785"]
[BlackElo "2190"]
[PlyCount "38"]
[EventDate "2003.10.01"]
[EventType "tourn (corr)"]
[EventRounds "6"]
[EventCountry "UKR"]
[SourceTitle "Corr 2008"]
[Source "ChessBase"]
[SourceDate "2008.06.24"]
[SourceVersion "1"]
[SourceVersionDate "2008.06.24"]
[SourceQuality "1"]

1. e4 e5 2. Nf3 Nc6 3. Bc4 Nf6 4. Ng5 d5 5. exd5 Na5 6. Bb5+ c6 7. dxc6 bxc6 8. Qf3 Rb8 9. Bd3 Bd6 10. Nc3 Bg4 11. Qg3 e4 12. Qe3 0-0 13. Ncxe4 Nd5 14. Qd4 Rb4 15. c4 Re8 16. 0-0 Be5 17. Qxa7 Rb7 18. Qxb7 Nxb7 19. cxd5 f5 0-1

[Event "NED-ch06 email"]
[Site "Netherland email"]
[Date "2003.09.15"]
[Round "?"]
[White "Meijer, Wilmar"]
[Black "Etmans, Maarten D"]
[Result "1/2-1/2"]
[WhiteElo "2200"]
[BlackElo "2015"]
[PlyCount "127"]
[EventDate "2003.09.15"]
[EventType "tourn (corr)"]
[EventRounds "12"]
[EventCountry "NED"]
[SourceTitle "Corr 2006"]
[Source "ChessBase"]
[SourceDate "2006.04.01"]
[SourceVersion "3"]
[SourceVersionDate "2006.04.01"]
[SourceQuality "1"]

1. e4 e6 2. d4 d5 3. Nd2 dxe4 4. Nxe4 Nd7 5. Nf3 Ngf6 6. Nxf6+ Nxf6 7. c3 c5 8. Be3 Qc7 9. Ne5 a6 10. Qa4+ Nd7 11. 0-0-0 cxd4 12. Nxd7 Bxd7 13. Qxd4 Bc6 14. Bf4 Qa5 15. Bc4 Rd8 16. Qxd8+ Qxd8 17. Rxd8+ Kxd8 18. Rd1+ Kc8 19. f3 Be7 20. Be5 Bf6 21. Bxf6 gxf6 22. Rd4 Rg8 23. Bf1 Rg5 24. Kd2 Kc7 25. Ke3 Re5+ 26. Kf2 Ra5 27. a3 Rh5 28. h3 e5 29. Rg4 f5 30. Rg7 Bd5 31. c4 Be6 32. f4 exf4 33. Be2 Rh4 34. b4 b6 35. Kf3 a5 36. Rg8 axb4 37. axb4 b5 38. cxb5 Bd5+ 39. Kf2 f3 40. Bxf3 Bxf3 41. Kxf3 Rxb4 42. Rg7 Kd6 43. Rxf7 Ke5 44. g4 Rb3+ 45. Kg2 fxg4 46. hxg4 h6 47. Rf3 Rb2+ 48. Kg3 Ke6 49. Rf5 Rb1 50. Rc5 Kf6 51. Kf3 Rb4 52. Rc6+ Kg5 53. b6 Rf4+ 54. Ke3 Rxg4 55. Rc5+ Kh4 56. Rb5 Rg8 57. b7 Rb8 58. Kf3 h5 59. Kf4 Rf8+ 60. Rf5 Rb8 61. Rf7 Rd8 62. Rf6 Rb8 63. Rb6 Rf8+ 64. Ke5 1/2-1/2

[Event "NED-ch06 email"]
[Site "Netherland email"]
[Date "2003.09.15"]
[Round "?"]
[White "Van der Houwen, Peter J"]
[Black "Meijer, Wilmar"]
[Result "1/2-1/2"]
[WhiteElo "2456"]
[BlackElo "2200"]
[PlyCount "68"]
[EventDate "2003.09.15"]
[EventType "tourn (corr)"]
[EventRounds "12"]
[EventCountry "NED"]
[SourceTitle "Corr 2006"]
[Source "ChessBase"]
[SourceDate "2006.04.01"]
[SourceVersion "3"]
[SourceVersionDate "2006.04.01"]
[SourceQuality "1"]

1. e4 e6 2. d4 d5 3. Nc3 Bb4 4. e5 c5 5. a3 Bxc3+ 6. bxc3 Ne7 7. Qg4 0-0 8. Bd3 Nbc6 9. Qh4 Ng6 10. Nf3 Qc7 11. Be3 c4 12. Bxg6 fxg6 13. Qg4 Bd7 14. h4 Rf5 15. h5 gxh5 16. Rxh5 Rxh5 17. Qxh5 Rf8 18. Kd2 Be8 19. Qh3 Rxf3 20. gxf3 Qc8 21. Rg1 Ne7 22. Rb1 Bg6 23. Qh4 Nf5 24. Qg4 b6 25. Ra1 Ne7 26. a4 Nc6 27. Kd1 Qe8 28. Bc1 Bf5 29. Qg5 Qf7 30. Ba3 Bg6 31. f4 h6 32. Qg3 Qf5 33. Rc1 Kh7 34. f3 Bh5 1/2-1/2